000 01203nam a22002777a 4500
003 OSt
005 20230109112052.0
007 cr ||||||a|c|a
008 221201s2021 mx a|||fom||| 001 0 spa d
040 _erda
100 1 _9185772
_aVega Arguello, Lucina
245 1 _aDiseño de un humedal artificial para el tratamiento de aguas residuales en Tetela, Oaxaca /
_cpor Lucina Vega Arguello, director de tesis Elizabeth Hernández Acosta.
264 1 _aChapingo, México :
_bEl autor,
_c2021.
300 _a1 recurso en línea (85 páginas).
_bcuadros, figuras.
336 _2rdacontent
_atexto
_btxt
337 _2rdamedia
_acomputadora
_bc
338 _2rdacarrier
_arecurso en línea
_bcr
502 _bIRNR
_cSuelos
_d2021.
_gLIC
504 _aIncluye referencias bibliográficas: páginas 64-67.
650 4 _9185803
_aHumedales artificiales
_xDiseño y construcción
650 4 _92588
_aAguas residuales
_xPurificación
650 4 _9136007
_aAguas residuales
_xTratamiento
700 1 _953773
_aHernández Acosta, Elizabeth
_eDirector de tesis.
856 _uhttp://10.13.5.2/tesis/tl/2021_SU_Vega_Arguello_Lucina.pdf
_zDESCARGAR PDF
942 _2Clasificación Universidad Autónoma Chapingo
_cTD
999 _c217916
_d217916